[Event "Druzynowe Mistrzostw Polski Juniorow - II Liga"]
[Site "Wroclaw"]
[Date "1899-12-30"]
[Round "4.81"]
[White "Dylong, Antoni"]
[Black "Gawlik, Olivier"]
[Result "1-0"]
[WhiteTitle "I"]
[BlackTitle "II+"]
[WhiteElo "1576"]
[BlackElo "1384"]

1. e4 e5 2. Nf3 Nc6 3. d4 exd4 4. Bc4 Nf6 5. e5 d5 6. Bb5 Ne4 7. Nxd4 Bd7 8. Bxc6
bxc6 9. O-O Bc5 10. f3 Ng5 11. f4 Ne4 12. Be3 O-O 13. Nd2 f5 14. N2f3 Qe8 15.
c3 Bb6 16. Nc2 Be6 17. Nfd4 Qd7 18. Nxe6 Bxe3+ 19. Nxe3 Qxe6 20. Rc1 Rfd8 21.
b4 c5 22. bxc5 Nxc5 23. Nc2 g6 24. Nd4 Qd7 25. Qe2 Ne4 26. Qb5 c5 27. Qxd7 Rxd7
28. Ne2 d4 29. cxd4 cxd4 30. Rfd1 d3 31. Ng3 Rb8 32. Rc4 Nxg3 33. hxg3 Rb2 34.
e6 Re7 35. Rxd3 Rxe6 36. Rd7 Rb8 37. Rxa7 h5 38. a4 Reb6 39. Rcc7 Rb1+ 40. Kh2
R1b6 41. a5 Rd6 42. a6 Kh8 43. Rab7 Rdd8 44. Rxb8 Rxb8 45. a7 Ra8 46. Rb7 h4 47.
Rb8+ Kg7 48. Rxa8 Kh7 49. Rb8 h3 50. a8=Q g5 51. Rh8+ 1-0

[Event "Druzynowe Mistrzostw Polski Juniorow - II Liga"]
[Site "Wroclaw"]
[Date "1899-12-30"]
[Round "4.82"]
[White "Haladaj, Adam"]
[Black "Nguyen, Doan Quoc Anh"]
[Result "1-0"]
[WhiteTitle "II"]
[BlackTitle "II"]
[WhiteElo "1361"]
[BlackElo "1293"]

1. e4 c5 2. Nf3 d6 3. d4 cxd4 4. Nxd4 Nf6 5. Nc3 a6 6. f3 e5 7. Nb3 Be6 8. Be3
h5 9. Qd2 Nbd7 10. Nd5 Bxd5 11. exd5 g6 12. Be2 Bg7 13. O-O O-O 14. c4 b6 15.
Nc1 Re8 16. b4 e4 17. Rb1 Rc8 18. f4 Ng4 19. Bxg4 hxg4 20. Qe2 f5 21. Nb3 Kf7
22. Rfc1 Rh8 23. Nd4 Bxd4 24. Bxd4 Rh7 25. Rc2 g5 26. Qe3 b5 27. c5 Nb6 28. fxg5
Nc4 29. Qf4 Kg6 30. Bf6 Qg8 31. Rd1 e3 32. c6 Re8 33. Re2 Re4 34. Qg3 Kh5 35.
h3 Kg6 36. h4 Qe8 37. Rd3 f4 38. Qxg4 f3 39. Qxf3 Rexh4 40. Rdxe3 Nxe3 41. Rxe3
Qf7 42. Re7 Qf8 43. Qd3+ 1-0

[Event "Druzynowe Mistrzostw Polski Juniorow - II Liga"]
[Site "Wroclaw"]
[Date "1899-12-30"]
[Round "4.83"]
[White "Kulpa, Karolina"]
[Black "Banasiak, Adrianna"]
[Result "0-1"]
[WhiteTitle "I"]
[BlackTitle "I"]
[WhiteElo "1461"]
[BlackElo "1447"]

1. d4 Nf6 2. c4 g6 3. Nc3 d5 4. Bg5 Bg7 5. e3 Nc6 6. Nf3 O-O 7. Bxf6 Bxf6 8. Nxd5
Bg7 9. Be2 e5 10. O-O exd4 11. exd4 Bg4 12. Re1 Bxf3 13. Bxf3 Bxd4 14. Qd2 Qd6
15. Rad1 Rfe8 16. b4 Be5 17. g3 Nd4 18. Bg2 c6 19. Ne3 Rad8 20. Nf1 Qc7 21. Qg5
Ne2+ 22. Kh1 Rxd1 23. Rxd1 Bd4 24. f4 Qb6 25. Qa5 Qxa5 26. bxa5 a6 27. Rb1 Re7
28. Nd2 Nc3 29. Rf1 Nxa2 30. Nb3 Ba7 31. c5 Re3 32. Rf3 Rxf3 33. Bxf3 Nc3 34.
Kg2 Na4 35. Be2 Nxc5 36. Nxc5 Bxc5 37. Kf3 Bb4 38. Ke4 Kf8 39. Kd4 Ke7 40. Kc4
Bxa5 41. Kc5 Kd7 42. Bc4 f6 43. Kd4 Kd6 44. Bb3 b5 45. Bg8 c5+ 46. Kd3 c4+ 47.
Kc2 h6 48. Bf7 g5 0-1

[Event "Druzynowe Mistrzostw Polski Juniorow - II Liga"]
[Site "Wroclaw"]
[Date "1899-12-30"]
[Round "4.84"]
[White "Kruszewska, Malgorzata"]
[Black "Cichon, Julia"]
[Result "0-1"]
[WhiteTitle "II"]
[BlackTitle "II+"]
[WhiteElo "1012"]
[BlackElo "1054"]

1. e4 c6 2. Nf3 d5 3. exd5 cxd5 4. d4 Nf6 5. c4 dxc4 6. Bxc4 Bg4 7. Be3 e6 8. O-O
Bd6 9. h3 Bxf3 10. Qxf3 Nc6 11. Bb5 Rc8 12. Nd2 O-O 13. Rfc1 Qd7 14. Nb3 a6 15.
Bxc6 Rxc6 16. Na5 Rxc1+ 17. Rxc1 Nd5 18. a3 Rc8 19. Nb3 Rxc1+ 20. Nxc1 Qc7 21.
g3 Qc2 22. b4 Qc3 23. Qe2 Qxa3 24. Nd3 Nxe3 25. Qxe3 Bxb4 26. Qe4 Bd6 27. Qf3
Qa1+ 28. Kg2 Qxd4 29. Nf4 Bxf4 30. Qxf4 Qxf4 31. gxf4 a5 32. Kf3 a4 33. Ke4 a3
34. Ke5 a2 35. Kd6 a1=Q 36. f5 Qd4+ 37. Kc7 Qd5 38. fxe6 Qxe6 39. Kxb7 Qd6 40.
f4 Kf8 41. f5 Ke8 42. f6 gxf6 43. h4 Kd7 44. h5 Qb4+ 45. Ka7 Kc7 46. h6 Qc5+ 0-1

[Event "Druzynowe Mistrzostw Polski Juniorow - II Liga"]
[Site "Wroclaw"]
[Date "1899-12-30"]
[Round "4.85"]
[White "Cichon, Bartlomiej"]
[Black "Bartlomowicz, Jakub"]
[Result "1-0"]
[WhiteTitle "I"]
[BlackTitle "I"]
[WhiteElo "1938"]
[BlackElo "1922"]

1. e4 e5 2. Nf3 Nc6 3. Bc4 Bc5 4. d3 h6 5. Bb3 d6 6. c3 Nf6 7. Nbd2 O-O 8. O-O
Kh8 9. h3 Nh7 10. Nc4 f5 11. exf5 Bxf5 12. d4 exd4 13. cxd4 Bb6 14. Nxb6 axb6
15. d5 Nb4 16. Nd4 Ng5 17. Nxf5 Rxf5 18. Qd4 Na6 19. Bc2 Rf8 20. h4 Nh7 21. Bxh6
Qf6 22. Be3 Qxd4 23. Bxd4 Rf4 24. Bc3 Rxh4 25. g3 Rh5 26. Kg2 Kg8 27. g4 Rh6 28.
f4 Re8 29. Rae1 Rxe1 30. Rxe1 Rf6 31. Bxh7+ Kxh7 32. Bxf6 gxf6 33. Re7+ Kg8 34.
a3 Kf8 35. Rh7 b5 36. b4 c5 37. dxc6 1-0

[Event "Druzynowe Mistrzostw Polski Juniorow - II Liga"]
[Site "Wroclaw"]
[Date "1899-12-30"]
[Round "4.86"]
[White "Bochenek, Ryszard"]
[Black "Nowakowski, Maksymilian"]
[Result "1-0"]
[WhiteTitle "II+"]
[BlackTitle "II+"]
[WhiteElo "1544"]
[BlackElo "1363"]

1. e4 e6 2. d4 d5 3. exd5 exd5 4. Bd3 Bd6 5. Nc3 Ne7 6. Bg5 f6 7. Bh4 O-O 8. Nge2
Nbc6 9. Qd2 Bf5 10. O-O-O a6 11. f3 Qd7 12. g4 Bxd3 13. Qxd3 Nb4 14. Qd2 Ng6 15.
Bg3 Rae8 16. h4 Bxg3 17. Nxg3 Qd6 18. Nge2 Qe7 19. h5 Nh8 20. Nf4 Qe3 21. Qxe3
Rxe3 22. Nfxd5 Nxd5 23. Nxd5 Rxf3 24. Nxc7 Nf7 25. Ne6 Rc8 26. c3 Nd6 27. h6 g6
28. Rdf1 Re3 29. Nc5 Kf7 30. Nd7 Ne4 31. Re1 Rxe1+ 32. Rxe1 Nf2 33. Rg1 Nh3 34.
Rf1 Ke6 35. Nc5+ Rxc5 36. dxc5 Ng5 37. c4 Nf7 38. Re1+ Kd7 39. b4 Nxh6 40. g5
Ng4 41. Rh1 fxg5 42. Rxh7+ Kc6 43. Re7 Nf2 44. Kc2 g4 45. Re6+ Kc7 46. Rxg6 1-0

[Event "Druzynowe Mistrzostw Polski Juniorow - II Liga"]
[Site "Wroclaw"]
[Date "1899-12-30"]
[Round "4.87"]
[White "Pawlowski, Kamil"]
[Black "Blaszkiewicz, Jakub"]
[Result "1/2-1/2"]
[WhiteTitle "II"]
[BlackTitle "II"]
[WhiteElo "1257"]
[BlackElo "1405"]

1. e4 e5 2. Nf3 Nc6 3. Bc4 Nf6 4. d3 Be7 5. c3 O-O 6. Nbd2 d6 7. Nf1 Na5 8. Bb5
a6 9. Ba4 b5 10. Bc2 c5 11. Ng3 Qc7 12. Be3 Bd7 13. Qd2 c4 14. d4 Rfb8 15. a3
Nc6 16. d5 Na5 17. h3 Nb7 18. O-O Nc5 19. Bxc5 Qxc5 20. Qe3 Qc7 21. Kh1 a5 22.
Rab1 b4 23. Nd2 Qc8 24. Nf5 Bf8 25. Qg5 Bxf5 26. Qxf5 Qxf5 27. exf5 bxc3 28. bxc3
Nxd5 29. Be4 Nxc3 30. Bxa8 Nxb1 31. Rxb1 Rxa8 32. Nxc4 d5 33. Nxe5 Bxa3 34. Rd1
Bb2 35. Rxd5 Bxe5 36. Rxe5 a4 37. Re2 a3 38. Ra2 Kf8 39. Kg1 Ke7 40. Kf1 Kd6 41.
Ke2 Kc5 42. Kd3 Kb4 43. Kc2 Re8 44. g4 h6 45. f4 Rc8+ 46. Kb1 Kb3 47. Re2 Rc3
48. h4 Rf3 49. Re1 a2+ 50. Ka1 Rxf4 51. Re3+ Kc2 52. Re2+ Kd3 53. Re7 Rxg4 54.
Rxf7 Ke4 55. Kxa2 Rxh4 56. Rxg7 Kxf5 57. Kb3 Rh2 58. Kc3 h5 59. Kd3 Kf4 60. Rf7+
Kg3 61. Rg7+ Kf2 62. Rf7+ Kg1 63. Ke3 h4 64. Rg7+ Rg2 65. Rh7 Rg4 66. Kf3 Rb4
67. Rg7+ Kh2 68. Rg2+ Kh3 69. Rg7 Rb3+ 70. Kf2 Rg3 71. Rh7 Rg4 72. Kf3 Rg6 73.
Kf2 Rg2+ 74. Kf3 Rb2 75. Rh8 Rb4 76. Rg8 1/2-1/2

[Event "Druzynowe Mistrzostw Polski Juniorow - II Liga"]
[Site "Wroclaw"]
[Date "1899-12-30"]
[Round "4.91"]
[White "Wesolek, Krzysztof"]
[Black "Goral, Bartosz"]
[Result "1-0"]
[WhiteTitle "I"]
[BlackTitle "III"]
[WhiteElo "1747"]
[BlackElo "1065"]

1. e4 e5 2. Nf3 Nc6 3. Bc4 Bc5 4. c3 Nf6 5. d3 h6 6. a4 a5 7. O-O O-O 8. h3 d6
9. Re1 Bd7 10. Nbd2 Kh7 11. Nf1 Qc8 12. Be3 Bxe3 13. Rxe3 Ne7 14. d4 Ng6 15. Ng3
c6 16. Qf1 exd4 17. cxd4 Nxe4 18. Nxe4 d5 19. Nd6 Qc7 20. Nxf7 Rxf7 21. Bd3 Bf5
22. Bxf5 Rxf5 23. Qd3 Raf8 24. g4 R5f6 25. Ne5 Qd6 26. Rf1 Kh8 27. Nxg6+ Rxg6
28. Re5 Rgf6 29. f3 Rf4 30. g5 R4f5 31. gxh6 gxh6 32. Qe3 Rxe5 33. Qxe5+ Qxe5
34. dxe5 Rf5 35. f4 Kg7 36. Kg2 Kf7 37. Kf3 h5 38. Rg1 c5 39. Rc1 b6 40. Rc3 d4
41. Rb3 Ke6 42. Ke4 Rf8 43. f5+ Ke7 44. Rxb6 Rd8 45. f6+ Kf7 46. Rb7+ Ke6 47.
Re7# Kd5+ 1-0

[Event "Druzynowe Mistrzostw Polski Juniorow - II Liga"]
[Site "Wroclaw"]
[Date "1899-12-30"]
[Round "4.92"]
[White "Nowak, Feliks"]
[Black "Ostojski, Dawid"]
[Result "0-1"]
[WhiteTitle "II"]
[BlackTitle "II"]
[WhiteElo "1412"]
[BlackElo "1337"]

1. d4 c6 2. c4 d5 3. Nc3 Nf6 4. Nf3 e6 5. e3 Nbd7 6. Bd3 dxc4 7. Bxc4 b5 8. Bd3
a6 9. O-O Bb7 10. b3 c5 11. Bb2 Rc8 12. Rc1 Qb6 13. Ne2 Be7 14. Ng3 O-O 15. Qe2
Rc7 16. Rc2 Nd5 17. a3 Rfc8 18. Rfc1 h6 19. h3 N7f6 20. Qd2 cxd4 21. Bxd4 Bd6
22. Be5 0-1

[Event "Druzynowe Mistrzostw Polski Juniorow - II Liga"]
[Site "Wroclaw"]
[Date "1899-12-30"]
[Round "4.94"]
[White "Ford, Nikodem"]
[Black "Wrzodak, Natalia"]
[Result "1-0"]
[WhiteTitle "III"]
[BlackTitle "I"]
[WhiteElo "1100"]
[BlackElo "1133"]

1. e4 e5 2. Nf3 Nc6 3. Bb5 Bc5 4. O-O Nf6 5. Bxc6 dxc6 6. Nxe5 Qe7 7. Nd3 Bg4 8.
Qe1 Nxe4 9. Nxc5 Nxc5 10. Qxe7+ Kxe7 11. d4 Ne6 12. c3 Rhe8 13. Re1 Kf8 14. Be3
Re7 15. Nd2 Rae8 16. b3 Nf4 17. Nf3 Bxf3 18. gxf3 Nd5 19. Bd2 Re6 20. c4 Nb6 21.
Kf1 Rf6 22. Bb4+ Rd6 23. Rxe8+ Kxe8 24. Bxd6 cxd6 25. Ke2 Nd7 26. Kd3 Nf8 27.
Ke4 Ne6 28. d5 Ng5+ 29. Kf4 h6 30. dxc6 bxc6 31. Rd1 Ke7 32. b4 Ne6+ 33. Ke3 Nc7
34. Rd3 d5 35. Kd4 Ne6+ 36. Kc3 Nf4 37. Rd1 Kd6 38. cxd5 cxd5 39. a4 Ne2+ 40.
Kd3 Nf4+ 41. Ke3 Ng2+ 42. Kd4 Nh4 43. Rd3 Nf5+ 44. Kc3 Ne7 45. a5 Kc6 46. Re3
d4+ 47. Kxd4 Nf5+ 48. Kc4 Nxe3+ 49. fxe3 a6 50. e4 f6 51. b5+ axb5+ 52. Kb4 g6
53. h4 Kb7 54. Kxb5 h5 55. a6+ Ka7 56. f4 g5 57. fxg5 fxg5 58. hxg5 h4 59. g6
h3 60. g7 h2 61. g8=Q h1=Q 62. Qf7+ Ka8 63. Qb7# 1-0

[Event "Druzynowe Mistrzostw Polski Juniorow - II Liga"]
[Site "Wroclaw"]
[Date "1899-12-30"]
[Round "4.98"]
[White "Zimny, Karol"]
[Black "Gajec, Roza"]
[Result "0-1"]
[WhiteTitle "II"]
[BlackTitle "I"]
[WhiteElo "1224"]
[BlackElo "1268"]

1. e4 c5 2. Nf3 e6 3. g3 Nc6 4. Bg2 Nf6 5. Nc3 a6 6. O-O d6 7. d4 cxd4 8. Nxd4
Qc7 9. Nxc6 bxc6 10. Re1 e5 11. h3 Be7 12. Be3 O-O 13. Qd2 Rd8 14. Na4 Rb8 15.
c4 Be6 16. Rac1 c5 17. b3 Bd7 18. Nc3 Qc8 19. Kh2 Bc6 20. f4 Qb7 21. Nd5 Bxd5
22. exd5 exf4 23. Bxf4 Re8 24. Re2 Nh5 25. Rce1 Nxf4 26. Qxf4 Qd7 27. h4 Bf8 28.
Bh3 Rxe2+ 29. Rxe2 Qc7 30. g4 g6 31. h5 Bg7 32. Kg2 a5 33. Qe3 Be5 34. hxg6 hxg6
35. Qg5 Kg7 36. Qe3 Qe7 37. g5 Rh8 38. Kf1 Rh5 39. Rg2 Qd8 40. Rg4 Bd4 41. Qg3
Qe7 42. Bg2 Be5 43. Qf3 Rxg5 44. Rxg5 Qxg5 45. Qd1 Qf4+ 46. Bf3 Qh2 47. Bg2 Qf4+
48. Bf3 Bd4 49. Kg2 Qg5+ 50. Kh3 Be5 51. Qe1 Qf4 52. Kg2 Qh2+ 53. Kf1 Qf4 54.
Kg2 Qh2+ 55. Kf1 Qxa2 56. Qd1 Bd4 57. Be2 Qa1 58. Qxa1 Bxa1 59. Kg2 Kf6 60. Kf3
Kg5 61. Bf1 f5 62. Be2 Be5 63. Bf1 Kh4 64. Bd3 Kg5 65. Bf1 Kf6 66. Bd3 g5 67.
Be2 g4+ 68. Kg2 Kg5 69. Bd1 Kf4 70. Kf2 g3+ 71. Kg2 Ke3 72. Bh5 f4 73. Bg4 Bc3
74. Bh5 Be1 75. Bg4 a4 76. bxa4 Kd3 77. Bd1 Kxc4 78. Bf3 Kd3 79. Kf1 Bd2 80. Be2+
Kd4 81. Bf3 c4 82. Ke2 Be3 83. Kd1 Kc3 0-1

[Event "Druzynowe Mistrzostw Polski Juniorow - II Liga"]
[Site "Wroclaw"]
[Date "1899-12-30"]
[Round "5.1"]
[White "Dziendziel, Mateusz"]
[Black "Kaliszuk, Kamil"]
[Result "0-1"]
[WhiteTitle "I"]
[BlackTitle "k"]
[WhiteElo "1884"]
[BlackElo "2088"]

1. e4 e5 2. Nf3 Nc6 3. d4 exd4 4. Nxd4 Nf6 5. Nc3 Bb4 6. Nxc6 bxc6 7. Bd3 O-O 8.
O-O Re8 9. Qf3 Rb8 10. Bg5 Bd6 11. Bxf6 Qxf6 12. Qxf6 gxf6 13. Rab1 Re5 14. b3
Ra5 15. Na4 Bb7 16. f4 Ba3 17. Rf3 c5 18. Nc3 Bb4 19. Nd5 Bxd5 20. exd5 Rxa2 21.
Kf1 h6 22. Bf5 Kf8 23. c3 Ba5 24. Bxd7 Ke7 25. Bf5 Rg8 26. Bh3 Kd6 27. Rd3 Re8
28. Bg4 Re4 29. g3 c4 30. bxc4 Bb6 31. Rdd1 Bc5 32. h3 Rxc4 33. Rd3 Re4 34. Rdd1
f5 35. Bh5 Re3 36. Rb5 Rxg3 0-1

[Event "Druzynowe Mistrzostw Polski Juniorow - II Liga"]
[Site "Wroclaw"]
[Date "1899-12-30"]
[Round "5.2"]
[White "Czernecki, Andrzej"]
[Black "Herwy, Jakub"]
[Result "1-0"]
[WhiteTitle "I"]
[BlackTitle "I++"]
[WhiteElo "1876"]
[BlackElo "1905"]

1. e4 c5 2. Nf3 e6 3. c3 Nf6 4. e5 Nd5 5. g3 b6 6. Bg2 Bb7 7. O-O d6 8. exd6 Bxd6
9. d4 O-O 10. dxc5 Bxc5 11. Qc2 Nd7 12. Nbd2 N7f6 13. Ne4 Be7 14. a3 Rc8 15. Nfg5
Nxe4 16. Nxe4 f5 17. Nd2 e5 18. Nf3 Qc7 19. Rd1 e4 20. Nd4 Qe5 21. Qb3 Kh8 22.
c4 Bc5 23. Nb5 Nf6 24. Bf4 Qe6 25. Nxa7 Ng4 26. Nxc8 Bxf2+ 27. Kf1 Ba6 28. Nd6
e3 29. Ke2 Nxh2 30. Rh1 Ng4 31. Bd5 Qf6 32. Qxb6 h6 33. Qxa6 Qxb2+ 34. Kf3 Qc2
35. Nf7+ Rxf7 36. Qa8+ Kh7 37. Bxf7 Nf6 38. Bxh6 gxh6 39. Rxh6+ Kxh6 40. Qh8+
Nh7 41. Rh1+ Kg5 42. Qg7# 1-0

[Event "Druzynowe Mistrzostw Polski Juniorow - II Liga"]
[Site "Wroclaw"]
[Date "1899-12-30"]
[Round "5.3"]
[White "Lecki, Leonard"]
[Black "Wandor, Adam"]
[Result "1-0"]
[WhiteTitle "I"]
[BlackTitle "II"]
[WhiteElo "1612"]
[BlackElo "1571"]

1. e4 c5 2. Nf3 Nc6 3. d4 cxd4 4. Nxd4 g6 5. c4 Bg7 6. Be3 Nf6 7. Nc3 O-O 8. Be2
d6 9. Qd2 Ng4 10. Bxg4 Bxg4 11. O-O Rc8 12. b3 Qa5 13. Rac1 Rfd8 14. Kh1 a6 15.
f3 Bd7 16. Qf2 Nxd4 17. Bxd4 Bxd4 18. Qxd4 Qc5 19. Qd2 Qa5 20. Qf2 Qc5 21. Qh4
e6 22. f4 b5 23. f5 Qe5 24. fxg6 fxg6 25. Rf7 Qh5 26. Qe7 Qh6 27. Rcf1 b4 28.
Ne2 d5 29. e5 a5 30. Nd4 dxc4 31. Qd6 1-0

[Event "Druzynowe Mistrzostw Polski Juniorow - II Liga"]
[Site "Wroclaw"]
[Date "1899-12-30"]
[Round "5.4"]
[White "Osinski, Maksymilian"]
[Black "Radzimski, Antoni"]
[Result "1/2-1/2"]
[WhiteTitle "II"]
[BlackTitle "I"]
[WhiteElo "1329"]
[BlackElo "1627"]

1. e4 c5 2. Nf3 d6 3. d4 cxd4 4. Nxd4 Nf6 5. Nc3 Bd7 6. f3 e5 7. Nb3 Be7 8. Bg5
Bc6 9. Bxf6 Bxf6 10. Nd5 Nd7 11. Ne3 Nb6 12. Nf5 d5 13. exd5 Qxd5 14. Qxd5 Bxd5
15. Bb5+ Kf8 16. Nd6 Be7 17. Ne4 Rc8 18. c3 a6 19. Be2 f5 20. Ng3 g6 21. h4 h5
22. O-O-O Kf7 23. Nf1 a5 24. Ne3 Be6 25. Nxa5 f4 26. Nc2 Ra8 27. Nxb7 Ra4 28.
a3 Rxa3 29. Nd6+ Ra2 30. Nb4+ Kg7 31. Nc2 Raa8 1/2-1/2

[Event "Druzynowe Mistrzostw Polski Juniorow - II Liga"]
[Site "Wroclaw"]
[Date "1899-12-30"]
[Round "5.5"]
[White "Obrochta, Lena"]
[Black "Egeman, Emilia"]
[Result "1/2-1/2"]
[WhiteTitle "I++"]
[BlackTitle "I++"]
[WhiteElo "1690"]
[BlackElo "1852"]

1. e4 c6 2. d4 d5 3. exd5 cxd5 4. Bd3 Nc6 5. c3 Qc7 6. Ne2 Bg4 7. f3 Bd7 8. f4
Nf6 9. O-O g6 10. Nd2 Bf5 11. Bxf5 gxf5 12. c4 e6 13. cxd5 Nxd5 14. Nb3 a6 15.
Kh1 Bd6 16. Nc3 Nxf4 17. Bxf4 Bxf4 18. Qf3 Bd6 19. d5 Ne5 20. Qh5 O-O-O 21. Rac1
Kb8 22. Nb5 Qe7 23. Nxd6 Rxd6 24. dxe6 fxe6 25. Nc5 Rd2 26. Rfe1 Qg7 27. Re2 Rxe2
28. Qxe2 Rc8 29. Qe3 Rc6 30. Rd1 Kc7 31. Qd4 Qf6 32. b4 f4 33. Re1 Rd6 34. Qe4
Rd5 35. Rc1 Kb8 36. Qxh7 Qf7 37. Qc2 Ka7 38. b5 f3 39. b6+ Ka8 40. a4 Qh5 41.
Nxe6 fxg2+ 42. Kxg2 Qf3+ 43. Kg1 Qe3+ 44. Kh1 Qf3+ 45. Kg1 Qe3+ 46. Kh1 1/2-1/2

[Event "Druzynowe Mistrzostw Polski Juniorow - II Liga"]
[Site "Wroclaw"]
[Date "1899-12-30"]
[Round "5.6"]
[White "Kaminska, Zuzanna"]
[Black "Salamon, Julia"]
[Result "1-0"]
[WhiteTitle "I"]
[BlackTitle "I++"]
[WhiteElo "1201"]
[BlackElo "1465"]

1. e4 c5 2. Nf3 e6 3. d4 cxd4 4. Nxd4 Nf6 5. Nc3 Nc6 6. Ndb5 d6 7. Bf4 e5 8. Bg5
a6 9. Bxf6 gxf6 10. Na3 b5 11. Nd5 f5 12. Bd3 f4 13. c3 Rb8 14. Nc2 h5 15. Rc1
Qg5 16. Rg1 Qh4 17. h3 Rg8 18. Ke2 Bh6 19. f3 Qg3 20. Nf6+ Ke7 21. Nxg8+ Qxg8
22. Nb4 Na5 23. Nd5+ Ke6 24. Qe1 Qd8 25. h4 Nc6 26. g3 Ne7 27. Nxe7 Kxe7 28. gxf4
Bxf4 29. Rc2 Be6 30. b4 Qb6 31. Qf2 Bh6 32. Qxb6 Rxb6 33. a3 f6 34. c4 Rb7 35.
c5 Rd7 36. cxd6+ Rxd6 37. Rc7+ Rd7 38. Rc6 Bc4 39. Bxc4 Rd2+ 40. Ke1 bxc4 41.
Rg7+ Bxg7 42. Kxd2 Bh6+ 43. Kc3 Bf4 44. Rc7+ Kd6 45. Rh7 Kd5 1-0

[Event "Druzynowe Mistrzostw Polski Juniorow - II Liga"]
[Site "Wroclaw"]
[Date "1899-12-30"]
[Round "5.7"]
[White "Grzesik, Gracjan"]
[Black "Zarebska, Lena"]
[Result "1/2-1/2"]
[WhiteTitle "k"]
[BlackTitle "k"]
[WhiteElo "2218"]
[BlackElo "1805"]

1. d4 Nf6 2. c4 e6 3. Nf3 Bb4+ 4. Nbd2 b6 5. a3 Bxd2+ 6. Qxd2 Bb7 7. e3 O-O 8.
Be2 d6 9. b4 Ne4 10. Qc2 c5 11. Bb2 Nd7 12. O-O Qe7 13. Rfd1 h6 14. bxc5 bxc5
15. Rab1 Rab8 16. Qa4 Ng5 17. Nd2 cxd4 18. exd4 Ne4 19. Qc2 f5 20. f3 Nef6 21.
Bc3 Rfc8 22. Bf1 Nb6 23. Re1 Qd7 24. Qa2 Kh8 25. Ba1 Re8 26. Rb4 Bc6 27. Qc2 Rbc8
28. Qd3 Ba8 29. Rbb1 Rf8 30. Rbc1 Na4 31. Rb1 Nb6 32. Rbc1 Na4 33. Rb1 1/2-1/2

[Event "Druzynowe Mistrzostw Polski Juniorow - II Liga"]
[Site "Wroclaw"]
[Date "1899-12-30"]
[Round "5.8"]
[White "Sloniewska, Alicja"]
[Black "Merecki, Antoni"]
[Result "1-0"]
[WhiteTitle "I++"]
[BlackTitle "II"]
[WhiteElo "1735"]
[BlackElo "1543"]

1. d4 Nf6 2. c4 e5 3. dxe5 Ng4 4. Bf4 Nc6 5. Nf3 Bb4+ 6. Nc3 Bxc3+ 7. bxc3 Qe7
8. Qd5 f6 9. exf6 Nxf6 10. Qd3 d6 11. e3 Ne5 12. Nxe5 dxe5 13. Bg3 Bd7 14. Be2
O-O-O 15. O-O Rhe8 16. Qc2 g5 17. h3 h5 18. Rab1 h4 19. Bh2 g4 20. hxg4 Nxg4 21.
Qe4 c6 22. Bxg4 Bxg4 23. Qxg4+ Kc7 24. Rfd1 Rxd1+ 25. Rxd1 h3 26. Qxh3 Rg8 27.
Qf5 Rg5 28. Rd7+ Qxd7 29. Bxe5+ Kc8 30. Qxg5 b6 31. Qg8+ 1-0

[Event "Druzynowe Mistrzostw Polski Juniorow - II Liga"]
[Site "Wroclaw"]
[Date "1899-12-30"]
[Round "5.9"]
[White "Sliz, Karol"]
[Black "Sloniewski, Wojciech"]
[Result "1-0"]
[WhiteTitle "II+"]
[BlackTitle "II"]
[WhiteElo "1615"]
[BlackElo "1062"]

1. e4 c5 2. Nf3 e6 3. d4 cxd4 4. Nxd4 Nc6 5. Nc3 a6 6. a3 Be7 7. Be3 Nf6 8. Be2
O-O 9. f4 d6 10. O-O b5 11. Nxc6 Qc7 12. Nxe7+ Qxe7 13. Bf3 Rb8 14. Qd4 e5 15.
fxe5 dxe5 16. Qb4 Qc7 17. Rad1 Bb7 18. Qc5 Qxc5 19. Bxc5 1-0

[Event "Druzynowe Mistrzostw Polski Juniorow - II Liga"]
[Site "Wroclaw"]
[Date "1899-12-30"]
[Round "5.10"]
[White "Mieszczankowski, Adam"]
[Black "Lonski, Aleksander"]
[Result "0-1"]
[WhiteTitle "II"]
[BlackTitle "II"]
[WhiteElo "1044"]
[BlackElo "1517"]

1. e4 c5 2. Nf3 g6 3. d4 cxd4 4. Nxd4 Bg7 5. Nc3 Nc6 6. Be3 Nf6 7. Bc4 Qa5 8. O-O
O-O 9. h3 a6 10. a4 d6 11. Qd2 Nxd4 12. Qxd4 Bd7 13. Qd2 Rfe8 14. f4 Bc6 15. Qd3
Nd7 16. Bd4 Rac8 17. Bxg7 Kxg7 18. f5 Qc5+ 19. Kh1 Ne5 20. b4 Qxc4 21. Qg3 Bxe4
22. Nxe4 Qxe4 23. fxg6 hxg6 24. Rf4 Qxc2 25. h4 Qc3 26. Qe1 Qxe1+ 27. Rxe1 Rc4
0-1

[Event "Druzynowe Mistrzostw Polski Juniorow - II Liga"]
[Site "Wroclaw"]
[Date "1899-12-30"]
[Round "5.11"]
[White "Grzesik, Nikola"]
[Black "Anyz, Monika"]
[Result "1/2-1/2"]
[WhiteTitle "I"]
[BlackTitle "I++"]
[WhiteElo "1452"]
[BlackElo "1792"]

1. c4 c5 2. Nf3 Nc6 3. Nc3 e5 4. g3 g6 5. Bg2 Bg7 6. O-O Nf6 7. d3 O-O 8. Rb1 d6
9. a3 a5 10. Bg5 h6 11. Bxf6 Bxf6 12. Ne1 Be6 13. b3 Bg7 14. Nc2 Rb8 15. Nb5 d5
16. Ne3 Ne7 17. cxd5 Nxd5 18. Qc1 Qd7 19. Nxd5 Bxd5 20. Bxd5 Qxd5 21. Qc4 Qxc4
22. dxc4 Rfd8 23. Rfd1 Bf6 24. a4 Rxd1+ 25. Rxd1 Rd8 26. Rxd8+ Bxd8 27. Nd6 b6
28. Ne4 f5 29. Nc3 Kf7 30. Kg2 Ke6 31. Nd5 g5 32. e3 e4 33. Kf1 Ke5 1/2-1/2

[Event "Druzynowe Mistrzostw Polski Juniorow - II Liga"]
[Site "Wroclaw"]
[Date "1899-12-30"]
[Round "5.12"]
[White "Zapalowska, Wiktoria"]
[Black "Sliwicka, Weronika"]
[Result "1/2-1/2"]
[WhiteTitle "I"]
[BlackTitle "I"]
[WhiteElo "1528"]
[BlackElo "1281"]

1. e4 c5 2. Nf3 e6 3. g3 Nc6 4. Bg2 d6 5. O-O Nf6 6. Qe2 Qc7 7. c3 e5 8. d3 h6
9. Na3 a6 10. Nc2 Be7 11. Ne3 O-O 12. Nh4 Bd8 13. Nhf5 Ne7 14. g4 Ng6 15. Nc4
Ne8 16. d4 b5 17. Nce3 Nf4 18. Qf3 Bb7 19. d5 g6 20. Ng3 Nf6 21. Ne2 Nxe2+ 22.
Qxe2 a5 23. Nc2 Kg7 24. h3 b4 25. c4 Rh8 26. f4 Nd7 27. fxe5 Nxe5 28. b3 a4 29.
Bb2 Bf6 30. Qf2 Nf3+ 31. Qxf3 Bxb2 32. Rab1 Be5 33. a3 bxa3 34. Nxa3 axb3 35.
Nb5 Qd7 36. Rxb3 Ra4 37. Rfb1 Ba6 38. Bf1 Bxb5 39. Rxb5 Ra1 40. Rb7 Bd4+ 41. Kg2
Ra2+ 42. Be2 Qe8 43. Rf1 Rf8 44. h4 Kg8 45. Kh3 Bb2 46. Bd3 Be5 47. Rf2 Qa8 48.
Rb1 Rxf2 49. Qxf2 Qa3 50. Qc2 Qc3 51. Qxc3 Bxc3 52. Rb3 Be5 1/2-1/2

[Event "Druzynowe Mistrzostw Polski Juniorow - II Liga"]
[Site "Wroclaw"]
[Date "1899-12-30"]
[Round "5.13"]
[White "Kolodziejski, Piotr"]
[Black "Zabron, Maksym"]
[Result "1-0"]
[WhiteTitle "k"]
[BlackTitle "I++"]
[WhiteElo "2107"]
[BlackElo "1947"]

1. e4 c6 2. Nf3 d5 3. d3 dxe4 4. dxe4 Qxd1+ 5. Kxd1 Bg4 6. Be2 Nd7 7. Ne1 Bxe2+
8. Kxe2 e5 9. f3 Bc5 10. Nd3 Bb6 11. Nd2 Bc7 12. a4 f6 13. a5 Nh6 14. Nc4 Nf7
15. Be3 Nd6 16. Nd2 Ke7 17. a6 Bb6 18. Nb4 Bxe3 19. Kxe3 Rhc8 20. axb7 Nxb7 21.
Ra6 Nb8 22. Ra2 a5 23. Rha1 Na6 24. Nd3 Rab8 25. c3 Nc7 26. Nc4 Ne6 27. g3 Rc7
28. Nxa5 Nxa5 29. Rxa5 Kd6 30. Nb4 Rb6 31. Ra8 Rcb7 32. Rd1+ Ke7 33. f4 exf4+
34. gxf4 Rc7 35. h4 Kf7 36. Rda1 Rbb7 37. R1a6 c5 38. Nd3 c4 39. Nb4 Nc5 40. Ra5
Ne6 41. Rd5 Re7 42. Rc8 Rbc7 43. Rxc7 Rxc7 44. Rd6 Nc5 45. Nd5 Rc8 46. Nb6 Re8
47. Rd4 Nd3 48. Nxc4 1-0

[Event "Druzynowe Mistrzostw Polski Juniorow - II Liga"]
[Site "Wroclaw"]
[Date "1899-12-30"]
[Round "5.14"]
[White "Pisarek, Jan"]
[Black "Kejna, Piotr"]
[Result "0-1"]
[WhiteTitle "I"]
[BlackTitle "CM"]
[WhiteElo "1832"]
[BlackElo "1970"]

1. e4 c5 2. Nf3 d6 3. d4 cxd4 4. Nxd4 Nf6 5. Nc3 g6 6. Be3 Bg7 7. f3 a6 8. Qd2
h5 9. O-O-O Nbd7 10. Kb1 b5 11. Nc6 Qc7 12. Nb4 Bb7 13. Nbd5 Nxd5 14. Nxd5 Bxd5
15. exd5 Rc8 16. c3 Qb7 17. Be2 a5 18. f4 O-O 19. Rc1 Nb6 20. Rhd1 Na4 21. Bd4
Bh6 22. b3 Nc5 23. Bxc5 Rxc5 24. c4 b4 25. Rf1 a4 26. Rf3 Ra8 27. Rc2 Bg7 28.
Kc1 Bc3 29. Rfxc3 bxc3 30. Qxc3 axb3 31. axb3 Ra3 32. Rb2 Qxd5 33. Bf3 Ra1+ 34.
Rb1 Rxb1+ 35. Kxb1 Qf5+ 36. Kb2 Qxf4 37. h3 e6 38. Qd3 d5 39. cxd5 Qc1+ 40. Ka2
Ra5# 0-1

[Event "Druzynowe Mistrzostw Polski Juniorow - II Liga"]
[Site "Wroclaw"]
[Date "1899-12-30"]
[Round "5.15"]
[White "Komendecki, Antoni"]
[Black "Duda, Leon"]
[Result "0-1"]
[WhiteTitle "I++"]
[BlackTitle "I"]
[WhiteElo "1880"]
[BlackElo "1562"]

1. e4 c5 2. Nf3 d6 3. d4 cxd4 4. Nxd4 Nf6 5. Nc3 g6 6. Be3 Bg7 7. f3 a6 8. Qd2
h6 9. Be2 b5 10. O-O Bb7 11. a4 Nbd7 12. Nb3 O-O 13. Rfc1 Qc8 0-1